| 000 | 00412nam a2200145Ia 4500 | ||
|---|---|---|---|
| 008 | 230917s9999||||xx |||||||||||||| ||und|| | ||
| 040 |
_e204822 _aMAIN |
||
| 041 | _aEnglish | ||
| 082 | _a373 S83R | ||
| 100 | _aSatender | ||
| 245 | 0 | _aRelevance of educational thoughts of J. Krishnamurti and John Dewey in the context of present Indian educational system | |
| 260 | _c2011 | ||
| 300 | _a193 p. | ||
| 942 | _cTH | ||
| 999 |
_c125572 _d125572 |
||